| 000 | 00425nam a2200157Ia 4500 | ||
|---|---|---|---|
| 008 | 160319s9999 xx 000 0 und d | ||
| 020 | _a9717912343 | ||
| 050 | _a959.9 | ||
| 050 | _bC172k 2001 | ||
| 100 | _aCamagay, Ma. Luisa T. | ||
| 245 | _aKasaysayan at Pamahalaan ng Pilipinas/ | ||
| 245 | _cMa. Luisa T. Camagay, Noemi A. Medina. | ||
| 260 | _bSIBS Pub. House Inc. | ||
| 260 | _c2001 | ||
| 700 | _aMedina, Noemi A. | ||
| 999 |
_c292256 _d292256 |
||